00570nam a2200169 i 450000100060000000300090000600500170001500700030003200800410003510000260007624500570010226000350015930000350019485200320022999900170026195201220027862383ES-MaACL20230906164646.0t|031120s1973 sp ||||1| spa d1 aFeneis, Heinz.94924510aNomenclatura anatómica ilustrada / cHeinz Feneis. aBarcelona : bSalvat, c[1973] aVII, 441 p. : bil. ; c17 cm. aES-MaACLjC-56072 bR.88858 c62383d62383 00104070aATENEOMbATENEOMcDEPO2d2008-01-17eSCl0oC-56072p1065400r2023-02-23 00:00:00w2023-02-23yMONOGRAFIA